000 004140000a22001690004500
005 20120302055944.0
942 _cBOOK
100 _a Sawaji,Sunita Vidyaadhar
245 _a Dolyaasaathee Nisargopachaar
260 _aThane:Vidyaadhar Vithal Sawaji,1997.
300 _a27p.
040 _aMAR
365 _b25/-
650 _aAarogyashaastra
650 _aNetravikaar-Upchaar
650 _aNisargopachaar-Dole
999 _c349831
_d349828